Most common female names starting with M - Statistics

General Stats
  • This quiz has been taken 497 times
  • The average score is 36 of 100
Answer Stats
Hint Answer % Correct
1 Mary
93%
5 Maria
88%
4 Margaret
82%
15 Marie
80%
16 Molly
78%
8 Mia
73%
9 Melanie
71%
3 Melissa
71%
2 Michelle
70%
6 Megan
68%
39 Maggie
67%
7 Madison
65%
10 Martha
64%
47 Marian
62%
77 Millie
62%
11 Monica
62%
35 Mila
59%
21 Maya
58%
17 Madeline
56%
60 Mandy
56%
71 Mona
56%
73 Mae
54%
82 Minnie
54%
12 Morgan
52%
61 Marina
51%
28 Meghan
48%
91 Michael
48%
26 Melody
47%
90 Mabel
46%
46 Marianne
46%
83 Mara
45%
19 Melinda
44%
56 Mindy
44%
84 Margo
42%
44 Michaela
42%
22 Miranda
42%
36 Miriam
42%
69 Macy
40%
24 Maureen
40%
23 Mariah
37%
53 Mariana
37%
20 Marissa
37%
37 Meredith
35%
57 Maxine
34%
76 Maeve
33%
13 Marilyn
33%
31 Marsha
33%
38 Mildred
33%
32 Misty
33%
18 Mackenzie
31%
72 Malia
31%
96 Margot
31%
30 Marlene
31%
68 Marley
31%
48 Marion
30%
33 Marjorie
30%
51 Maryann
30%
42 Mallory
29%
34 Monique
29%
54 Myra
29%
59 Madeleine
28%
95 Maura
28%
29 Marcia
26%
62 Marla
26%
40 Mckenzie
25%
79 Maddison
24%
27 Madelyn
24%
75 Mollie
24%
50 Margie
23%
94 Melina
23%
41 Mya
23%
97 Melisa
22%
43 Mikayla
22%
66 Mattie
20%
52 Mckenna
20%
92 Marcy
19%
45 Marisa
19%
86 Maci
18%
70 Margarita
18%
93 Myla
18%
25 Makayla
16%
87 Mikaela
15%
67 Marcella
14%
55 Meagan
14%
58 Mercedes
14%
14 Michele
14%
89 Macie
13%
63 Marisol
13%
78 Marguerite
11%
49 Makenzie
9%
99 Myrna
9%
64 Makenna
8%
74 Maribel
8%
98 Madelynn
7%
81 Madilyn
7%
88 Miracle
7%
85 Madalyn
6%
100 Madisyn
6%
65 Mayra
5%
80 Maritza
2%
No matching quizzes found
Score Distribution
Percent of People with Each Score
Percentile by Number Answered
Your Score History
You have not taken this quiz